| 000 | 01175nam a2200265 i 4500 | ||
|---|---|---|---|
| 001 | 158639 | ||
| 003 | ES-MaACL | ||
| 005 | 20250131222248.0 | ||
| 008 | 990819s1881 sp a |||| | spa d | ||
| 080 | _a929 Calderón de la Barca, Pedro (0:82) | ||
| 080 | _a821.361-14"18" | ||
| 100 | 1 |
_aManterola, José ( _d1849-1884) _9129425 |
|
| 245 | 1 | 0 |
_aEuskal-Oroitza : _b25 de mayo, Calderón, 1681-1881 = Recuerdo basco / _c[José de Manterola Beldarrain]. |
| 260 |
_a[San Sebastián : _bs.n., _c1881?] ( _fImp. de los Hijos de J.R. Baroja) |
||
| 300 |
_a[19] p. : _bil. ; _c32 cm. |
||
| 530 | _aDisponible en formato digital. | ||
| 593 | _aAutor tomado del final del texto | ||
| 594 | _aTexto en español y euskera. | ||
| 596 | _aTexto fechado en 1881. | ||
| 600 | 1 | 4 |
_aCalderón de la Barca, Pedro- _xHomenajes _933615 |
| 600 | 1 | 4 |
_aCalderón de la Barca, Pedro- _vPoesías. _9170451 |
| 852 | 4 |
_aES-MaACL _jT-395-F-9 _z- Enc. hol., falto de cub. original _z- Enc. en un vol. facticio _z- Dedicatoria autógrafa. de José Manterola, 1881 |
|
| 856 | 4 |
_uhttp://bdh-rd.bne.es/viewer.vm?id=0000097221&page=1 _zBiblioteca Digital Hispánica |
|
| 999 |
_c158639 _d158639 |
||